Statistics for 90 secs World Capitals: by Capital City directly East

Click here to take the quiz!

General Stats

  • This quiz has been taken 146 times
  • The average score is 172 of 196

Answer Stats

Capital City % Correct
Dublin
100%
London
100%
Berlin
99%
Prague
99%
Luxembourg
99%
Reykjavik
99%
Riga
99%
Madrid
99%
Minsk
99%
Copenhagen
99%
Paris
99%
Lisbon
99%
Ottawa
99%
Stockholm
99%
Athens
99%
Oslo
99%
Brussels
99%
Nassau
99%
Vaduz
99%
Havana
99%
Andorra la Vella
99%
Amsterdam
99%
Vilnius
99%
Monaco
99%
Warsaw
99%
Washington
99%
Bern
99%
Mexico City
98%
Moscow
98%
Port-au-Prince
98%
Cairo
98%
Belmopan
98%
Rabat
98%
Rome
98%
San Marino
98%
Tallinn
98%
Kingston
98%
Tunis
98%
Vatican City
98%
Algiers
98%
Kingstown
97%
Jerusalem
97%
Ljubljana
97%
Zagreb
97%
Nicosia
97%
Podgorica
97%
Port-of-Spain
97%
Roseau
97%
Saint George's
97%
Saint John's
97%
San Salvador
97%
Santo Domingo
97%
Tegucigalpa
97%
Tirana
97%
Valletta
97%
Guatemala City
97%
Managua
97%
Castries
97%
Asmara
97%
Damascus
97%
Bridgetown
97%
Basseterre
97%
Beirut
97%
Amman
97%
Tripoli
96%
Bratislava
96%
Male
96%
Manama
96%
Caracas
96%
Monrovia
96%
Yamoussoukro
96%
Budapest
96%
Bucharest
96%
Nouakchott
96%
Bissau
96%
Ankara
96%
Pristina
96%
Belgrade
96%
Conakry
96%
Riyadh
96%
Vienna
96%
Banjul
96%
Sarajevo
96%
Skopje
96%
Sofia
96%
Doha
96%
Abu Dhabi
96%
Dakar
96%
Freetown
96%
Khartoum
96%
Yerevan
95%
Kiev
95%
Chisinau
95%
Panama
95%
Praia
95%
Tehran
95%
Bamako
95%
Baghdad
95%
Djibouti
95%
Ouagadougou
94%
San Jose
94%
Sana'a
94%
Baku
94%
Kuwait City
94%
Tbilisi
94%
Ashgabat
94%
Georgetown
94%
Addis Ababa
94%
Accra
94%
Lome
93%
Bangui
93%
Juba
93%
Porto-Novo
93%
Paramaribo
93%
Muscat
93%
Kampala
92%
Sao Tome
92%
Kabul
92%
New Delhi
92%
Nairobi
92%
N'Djamena
92%
Abuja
92%
Niamey
91%
Helsinki
91%
Brasilia
91%
Kathmandu
91%
Windhoek
91%
Dushanbe
91%
Thimphu
91%
Kigali
91%
Bujumbura
90%
Malabo
90%
Yaounde
90%
Bogota
90%
Victoria
90%
Colombo
90%
Kinshasa
90%
Islamabad
90%
Tashkent
90%
Dhaka
89%
Bishkek
89%
Astana
88%
Hanoi
88%
Brazzaville
88%
Nay Pyi Taw
87%
Pretoria
87%
Gaborone
87%
Port Louis
85%
Antananarivo
85%
Quito
84%
Libreville
84%
Mogadishu
84%
Vientiane
84%
Luanda
84%
Sucre
83%
Beijing
82%
Asuncion
82%
Harare
81%
Dodoma
81%
Jakarta
81%
Lilongwe
81%
Lusaka
81%
Lima
81%
Canberra
80%
Buenos Aires
80%
Ulaanbaatar
79%
Santiago
78%
Moroni
77%
Bangkok
76%
Montevideo
74%
Seoul
70%
Phnom Penh
69%
Pyongyang
67%
Maputo
66%
Wellington
66%
Tokyo
65%
Mbabane
62%
Singapore
62%
Manila
62%
Kuala Lumpur
59%
Maseru
58%
Dili
55%
Suva
55%
Bandar Seri Begawan
55%
Apia
53%
Port Moresby
51%
Melekeok
45%
Honiara
45%
Funafuti
43%
Port-Vila
40%
Tarawa
40%
Taipei
37%
Nuku'alofa
36%
Majuro
34%
Yaren
27%
Palikir
22%

Score Distribution

Percentile by Number Answered

Percent of People with Each Score

Your Score History

You have not taken this quiz